Historia de las películas pedagógicas Eastman
Descripción Física:
24 p. : il. 22 cm
Materias:
Cinematografia en l'ensenyament
MARC
| LEADER | 00000nam a2200000Ia 4500 | ||
|---|---|---|---|
| 001 | 23061 | ||
| 003 | BGR | ||
| 005 | 20260410113707.0 | ||
| 008 | 160829s9999 xx 000 0 cat d | ||
| 080 | |a RF-16-31 | ||
| 245 | |a Historia de las películas pedagógicas Eastman | ||
| 260 | |a Madrid : |b Kodak, SA, [192-?] | ||
| 300 | |a 24 p. : |b il. 22 cm | ||
| 590 | |a Títol obtingut de la coberta. | ||
| 590 | |a Avant-títol: Películas pedagógicas Eastman. | ||
| 590 | |a Prové de Q-502 | ||
| 650 | |a Cinematografia en l'ensenyament |9 47217 | ||
| 710 | 2 | |a Eastman Kodak Company |9 70730 | |
| 856 | 4 | |u https://media.diba.cat/diba/fitxers/arxiu/fulletons/bib_23061_1920_baixa.pdf |y Accés lliure | |
| 856 | 4 | |u https://media.diba.cat/diba/fitxers/arxiu/fulletons/bib_23061_1920_baixa.pdf |y Accés lliure | |
| 900 | |a bib_23061_1920_baixa.pdf | ||
| 901 | |a Arxiu | ||
| 942 | |n 1 |2 udc |c MON | ||
| 952 | |0 0 |1 0 |4 0 |6 RF1631 |7 1 |9 53753 |a Arxiu |b Arxiu |d 2016-12-01 |l 0 |o RF-16-31 |p 23061 |r 2016-12-01 00:00:00 |w 2016-12-01 |y ARXIU | ||
| 999 | |c 57619 |d 57619 | ||